Online
Catalog

El papel moneda dominicano / (Record no. 41928)

MARC details
000 -CABECERA
campo de control de longitud fija 02255nam a2200373 i 4500
001 - NÚMERO DE CONTROL
campo de control 000042439
003 - IDENTIFICADOR DEL NÚMERO DE CONTROL
campo de control DO-SdBNP
005 - FECHA Y HORA DE LA ÚLTIMA TRANSACCIÓN
campo de control 20260520141900.0
007 - CAMPO FIJO DE DESCRIPCIÓN FÍSICA--INFORMACIÓN GENERAL
campo de control de longitud fija ta
008 - DATOS DE LONGITUD FIJA--INFORMACIÓN GENERAL
campo de control de longitud fija 131202s2003 dr a o 000 0 spa d
020 ## - NÚMERO INTERNACIONAL ESTÁNDAR DEL LIBRO
Número Internacional Estándar del Libro 9993467162
040 ## - FUENTE DE LA CATALOGACIÓN
Centro catalogador/agencia de origen DO-SdBNP
Lengua de catalogación spa
Centro/agencia transcriptor BNPHU
Normas de descripción rda
041 ## - CÓDIGO DE LENGUA
Código de lengua del texto/banda sonora o título independiente spa
082 #4 - NÚMERO DE LA CLASIFICACIÓN DECIMAL DEWEY
Número de clasificación 332.4044
Número de documento/Ítem E82p
Número de edición 22
100 ## - ENTRADA PRINCIPAL--NOMBRE DE PERSONA
Nombre de persona Estrella Gómez, Miguel,
Término indicativo de función/relación autor
Código de función/relación aut.
9 (RLIN) 62039
245 13 - MENCIÓN DE TÍTULO
Título El papel moneda dominicano /
Mención de responsabilidad, etc. Miguel Estrella Gómez, Isaac Rudman.
264 #1 - PRODUCCIÓN, PUBLICACIÓN, DISTRIBUCIÓN, FABRICACIÓN Y COPYRIGHT
Producción, publicación, distribución, fabricación y copyright Santo Domingo, República Dominicana :
Nombre del de productor, editor, distribuidor, fabricante Banco Popular,
Fecha de producción, publicación, distribución, fabricación o copyright 2003.
300 ## - DESCRIPCIÓN FÍSICA
Extensión volúmenes :
Otras características físicas ilustraciones, fotografías ;
Dimensiones 32 cm.
336 ## - TIPO DE CONTENIDO
Término de tipo de contenido texto
Código de tipo de contenido txt
Fuente rdacontent
337 ## - TIPO DE MEDIO
Nombre/término del tipo de medio sin mediación
Código del tipo de medio n
Fuente rda media
338 ## - TIPO DE SOPORTE
Nombre/término del tipo de soporte volumen
Código del tipo de soporte nc
Fuente rdacarrier
500 ## - NOTA GENERAL
Nota general Incluye referencias bibliográficas y notas al pie de las páginas
504 ## - NOTA DE BIBLIOGRAFÍA, ETC.
Nota de bibliografía, etc. Bibliografía: páginas 309-310
505 0# - NOTA DE CONTENIDO CON FORMATO
Nota de contenido con formato v.1--
Título Presentación--
-- Prólogo--
-- Introducción--
Información miscelánea Primera parte--
Título Período Colonial 1782-1844--
Información miscelánea Segunda Parte--
Título República Dominicana 1844-1861--
Información miscelánea Tercera parte--
Título Anexión a España 1861-1865--
Información miscelánea Cuarta parte--
Título República Dominicana 1865-1881--
Información miscelánea Quinta parte--
Título República Dominicana 1882-1899--
Información miscelánea Sexta parte--
Título Billetes municipales 1888-1899--
Información miscelánea Septima parte--
Título Billetes privados 1883-1899--
Información miscelánea Octava parte--
Título Pruebas de diseños y billetes no emitidos 1848-1912--
-- Fuentes documentadas y bibliografía.
505 0# - NOTA DE CONTENIDO CON FORMATO
Nota de contenido con formato v.2--
Título Presentación--
-- Prólogo--
-- Introducción--
-- Antecedentes 1900-1947--
-- Banco Central de la República dominicana 1947-2004--
-- Primera emisión 1947-1961--
-- Segunda emisión 1962-1963--
-- Tercera emisión 1964-1975--
-- Cuarta emisión 1976-1998--
-- Quinta emisión 1999-2004--
-- Pruebas de billetes del Banco Central de la República Dominicana 1947-2004--
-- Diseños de billetes no aprobados 1947-2004--
-- Fuentes documentadas y bibliografía.
590 ## - NOTA LOCAL (RLIN)
Nota local Inventariado, 2018/MFF
650 #4 - PUNTO DE ACCESO ADICIONAL DE MATERIA--TÉRMINO DE MATERIA
Término de materia o nombre geográfico como elemento de entrada Papel moneda
Subdivisión general Historia
Subdivisión geográfica República Dominicana
Subdivisión cronológica 1947-2004
9 (RLIN) 69587
650 #4 - PUNTO DE ACCESO ADICIONAL DE MATERIA--TÉRMINO DE MATERIA
Término de materia o nombre geográfico como elemento de entrada Billetes de banco
Subdivisión geográfica República Dominicana
Subdivisión cronológica 1947-2004
9 (RLIN) 69588
650 #4 - PUNTO DE ACCESO ADICIONAL DE MATERIA--TÉRMINO DE MATERIA
Término de materia o nombre geográfico como elemento de entrada Cuestión
9 (RLIN) 69589
700 1# - PUNTO DE ACCESO ADICIONAL--NOMBRE DE PERSONA
Nombre de persona Rudman, Isaac,
Término indicativo de función/relación autor
Código de función/relación aut.
9 (RLIN) 55839
710 2# - PUNTO DE ACCESO ADICIONAL--NOMBRE DE ENTIDAD CORPORATIVA
Nombre de entidad corporativa o nombre de jurisdicción como elemento de entrada Banco Popular Dominicano
9 (RLIN) 6892
910 ## - DATOS DE OPCIÓN DEL USUARIO (OCLC)
Datos de opción del usuario Validado. Control de calidad MFF
942 ## - ELEMENTOS DE PUNTO DE ACCESO ADICIONAL (KOHA)
Fuente del sistema de clasificación o colocación Dewey Decimal Classification
Tipo de ítem Koha Libro
Holdings
Estado de retiro Estado de pérdida Fuente del sistema de clasificación o colocación Restricciones de uso No para préstamo Código de colección Localización permanente Ubicación/localización actual Ubicación en estantería Fecha de adquisición Fuente de adquisición Total de préstamos Signatura topográfica completa Código de barras Fecha visto por última vez Número de copia Precio válido a partir de Tipo de ítem Koha Nota pública
    Dewey Decimal Classification Excluido de préstamo   Patrimonio Dominicano Biblioteca Nacional Pedro Henríquez Ureña Biblioteca Nacional Pedro Henríquez Ureña Depósito 02.12.2013 Compra   BNPHU PD 332.4044 E82p 42439-10 25.06.2020 v.1 25.06.2020 Libro  
    Dewey Decimal Classification Excluido de préstamo   Patrimonio Dominicano Biblioteca Nacional Pedro Henríquez Ureña Biblioteca Nacional Pedro Henríquez Ureña Depósito 20.05.2015 Donado por Fernando Ureña Rib   BNPHU PD 332.4044 E82p 42439-20 25.06.2020 v.1, e.2 25.06.2020 Libro  
    Dewey Decimal Classification Préstamo en sala   Dominicana de Servicio Biblioteca Nacional Pedro Henríquez Ureña Biblioteca Nacional Pedro Henríquez Ureña Depósito 30.05.2018 Donado por Omar Silié   BNPHU DS 332.4044 E82p 42439-30 25.06.2020 v.1, e.3 25.06.2020 Libro  
    Dewey Decimal Classification Excluido de préstamo   Patrimonio Dominicano Biblioteca Nacional Pedro Henríquez Ureña Biblioteca Nacional Pedro Henríquez Ureña Depósito 07.07.2021     BNPHU PD 332.4044 E82p 2021-2450 07.07.2021 v.2 07.07.2021 Libro  
    Dewey Decimal Classification Excluido de préstamo   Patrimonio Dominicano Biblioteca Nacional Pedro Henríquez Ureña Biblioteca Nacional Pedro Henríquez Ureña Depósito 25.10.2024 Donado por la Presidencia de la República Dominicana 2023.   BNPHU PD 332.4044 E82p 2024-6155 25.10.2024 v.2, e.2 25.10.2024 Libro Pertenecio a la biblioteca personal de Emilio Cordero Michel.
    Dewey Decimal Classification Préstamo en sala   Dominicana de Servicio Biblioteca Nacional Pedro Henríquez Ureña Biblioteca Nacional Pedro Henríquez Ureña Depósito 25.10.2024 Donado por la Presidencia de la República Dominicana 2023.   BNPHU DS 332.4044 E82p 2024-6156 25.10.2024 v.2, e.3 25.10.2024 Libro Pertenecio a la biblioteca personal de Emilio Cordero Michel.

Powered by Koha